02581 2200205 4500001002100000005001500021035002000036245003500056100001800091250000600109300002200115260004000137082000800177084001400185020002200199600001000221520209100231008004102322990001202363INLIS00000000000138120240711093007 a0010-07240000011 aDikta & Hukum /cDhia'an Farah0 aDhia'an Farah a1 a388 ;c13 x 19 cm aJakarta Selatan :bLove able,c2021 a813 a813 DHI d a978-623-310-013-7 4aNovel aNovel Dikta & Hukum merupakan sebuah karya fanfict dengan menjadikan orang nyata sebagai tokoh cerita seperti artis atau idol terkenal. Identitas tokoh dalam cerita akan berbeda karena hanya sebuah imajinasi atau fantasi saja. Novel Dikta & Hukum menceritakan tentang seorang tokoh bernama Dikta yang merupakan mahasiswa hukum tingkat akhir di sebuah universitas ternama dan menjadi salah satu mahasiswa terpintar. Dikta merupakan tokoh idaman semua wanita karena penggambarannya yang sempurna. Ia kaya, rajin, pintar, baik, penyayang dan tentunya berparas tampan. Di sisi lain terdapat tokoh bernama Nadhira yang merupakan anak SMA kelas 12 dengan karakter berbanding terbalik dengan Dikta, pemalas dan mageran. Nadhira dikenal sebagai orang yang banyak mau, keras kepala dan suka mengeluh. Berbeda dengan image Dikta yang dikenal sebagai sosok yang serius dan disiplin. Siapa sangka jika Dikta dijodohkan dengan gadis SMA bernama Nadhira itu dengan sifat dan watak mereka yang amat sangat berbanding terbalik bagai langit dan bumi. Demi menjaga perasaan kedua orang tuanya, mereka terpaksa harus terjebak dalam hubungan yang semakin rumit ini. Seiring berjalannya waktu, Nadhira mulai menaruh rasa suka pada Dikta dan benar saja kali ini Nadhira benar-benar jatuh cinta pada sosok yang sejak dulu hanya dianggapnya sebagai kakak. Meskipun begitu kisah percintaan mereka yang rumit akan dibahas dan rahasia-rahasia Dikta yang selama ini dipendam akan mulai terungkap. Ini cerita sederhana yang efeknya luar biasa. Engga cuma bikin halu, tapi bikin pintar juga. UUDN = Undang-undang Dikta Nadhira Pasal satu, Dasar hukum perjodohan yang mengikat kedua belah pihak (Nadhira dan Dikta). Pasal dua, memuat tentang bagaimana Keduanya tanpa sadar saling menghindar agar tak jatuh hati. Pasal tiga, Menjelaskan kedua belah pihak terhukum dengan jatuh hati yang tak bisa mereka hindari lagi. Pasal empat, ketentuan umum keduanya sebagai kekasih yang saling mengasihi. Pasal lima, Kewenangan absolut Semesta menentukan akhir dari cerita yang mereka yakini akan abadi.240711 0  a0750953